Statistics for NFL Players you didn't know played for the Broncos

Click here to take the quiz!

General Stats

  • This quiz has been taken 14 times
  • The average score is 4 of 13

Answer Stats

Pos.Known ForPlayer% Correct
QBBALJoe Flacco
83%
SPHIBrian Dawkins
58%
WRSFFJerry Rice
58%
WRNEPWes Welker
50%
RBDALTony Dorsett
25%
TESFFVernon Davis
25%
CBOAKWillie Brown
25%
CBNEPTy Law
17%
WRARIRob Moore
8%
DTOAKChester McGlockton
0%
DTKAN and HOUCurley Culp
0%
MLBATLKeith Brooking
0%
WRNEPStanley Morgan
0%

Score Distribution

Percentile by Number Answered

Percent of People with Each Score

Your Score History

You have not taken this quiz